<?xml version="1.0" encoding="UTF-8"?>
<record
    xmlns:xsi="http://www.w3.org/2001/XMLSchema-instance"
    xsi:schemaLocation="http://www.loc.gov/MARC21/slim http://www.loc.gov/standards/marcxml/schema/MARC21slim.xsd"
    xmlns="http://www.loc.gov/MARC21/slim">

  <leader>01066nam a2200301   4500</leader>
  <controlfield tag="003">OSt</controlfield>
  <controlfield tag="005">20260530115307.0</controlfield>
  <controlfield tag="008">260506b1997    sp a|||| |||| 00| 0 spa d</controlfield>
  <datafield tag="020" ind1=" " ind2=" ">
    <subfield code="a">842533201X</subfield>
  </datafield>
  <datafield tag="020" ind1=" " ind2=" ">
    <subfield code="a">9788425332012</subfield>
  </datafield>
  <datafield tag="040" ind1=" " ind2=" ">
    <subfield code="a">ICI</subfield>
    <subfield code="b">spa</subfield>
    <subfield code="c">ICI</subfield>
  </datafield>
  <datafield tag="050" ind1="4" ind2=" ">
    <subfield code="a">F2849.22G85</subfield>
    <subfield code="b">L6818</subfield>
  </datafield>
  <datafield tag="100" ind1="1" ind2=" ">
    <subfield code="a">Loviny, Christophe,</subfield>
  </datafield>
  <datafield tag="240" ind1="1" ind2="0">
    <subfield code="a">Che. La photobiographie</subfield>
    <subfield code="l">Espa&#xF1;ol</subfield>
  </datafield>
  <datafield tag="245" ind1="1" ind2="0">
    <subfield code="a">Che : </subfield>
    <subfield code="b">una vida en im&#xE1;genes /</subfield>
    <subfield code="c">Christophe Loviny ; traducci&#xF3;n castellana de Mar&#xED;a del Carmen Do&#xF1;ate</subfield>
  </datafield>
  <datafield tag="246" ind1="1" ind2="0">
    <subfield code="a">Ernesto Che Guevara :</subfield>
    <subfield code="b">una vida en im&#xE1;genes</subfield>
  </datafield>
  <datafield tag="264" ind1=" " ind2="1">
    <subfield code="b">Grijalbo,</subfield>
    <subfield code="c">1997</subfield>
    <subfield code="a">Barcelona :</subfield>
  </datafield>
  <datafield tag="300" ind1=" " ind2=" ">
    <subfield code="a">125 p&#xE1;ginas :</subfield>
    <subfield code="b">ilustraciones</subfield>
  </datafield>
  <datafield tag="336" ind1=" " ind2=" ">
    <subfield code="a">texto</subfield>
    <subfield code="2">rdacontent</subfield>
  </datafield>
  <datafield tag="337" ind1=" " ind2=" ">
    <subfield code="a">sin medio</subfield>
    <subfield code="2">rdamedia</subfield>
  </datafield>
  <datafield tag="338" ind1=" " ind2=" ">
    <subfield code="a">volumen</subfield>
    <subfield code="2">rdacarrier</subfield>
  </datafield>
  <datafield tag="600" ind1="1" ind2="4">
    <subfield code="a">Guevara, Ernesto,</subfield>
    <subfield code="d">1928-1967</subfield>
    <subfield code="v">Obras ilustradas</subfield>
    <subfield code="9">32281</subfield>
  </datafield>
  <datafield tag="650" ind1="4" ind2=" ">
    <subfield code="a">Guerrillas</subfield>
    <subfield code="v">Biograf&#xED;a</subfield>
    <subfield code="z">Am&#xE9;rica Latina</subfield>
    <subfield code="9">32282</subfield>
  </datafield>
  <datafield tag="650" ind1="4" ind2=" ">
    <subfield code="a">Guerrillas </subfield>
    <subfield code="v">Obras ilustradas</subfield>
    <subfield code="z">America Latina </subfield>
    <subfield code="9">32283</subfield>
  </datafield>
  <datafield tag="700" ind1="1" ind2=" ">
    <subfield code="a">Loviny, Christophe.</subfield>
  </datafield>
  <datafield tag="700" ind1="1" ind2=" ">
    <subfield code="a">Do&#xF1;ate, Mar&#xED;a del Carmen, </subfield>
    <subfield code="e">traductor</subfield>
    <subfield code="9">32284</subfield>
  </datafield>
  <datafield tag="942" ind1=" " ind2=" ">
    <subfield code="2">lcc</subfield>
    <subfield code="c">BK</subfield>
  </datafield>
  <datafield tag="999" ind1=" " ind2=" ">
    <subfield code="c">13174</subfield>
    <subfield code="d">13174</subfield>
  </datafield>
</record>
